<?xml version="1.0" encoding="UTF-8"?>
<record
    xmlns:xsi="http://www.w3.org/2001/XMLSchema-instance"
    xsi:schemaLocation="http://www.loc.gov/MARC21/slim http://www.loc.gov/standards/marcxml/schema/MARC21slim.xsd"
    xmlns="http://www.loc.gov/MARC21/slim">

  <leader>03059cam a2200325 i 4500</leader>
  <controlfield tag="001">on1285916822</controlfield>
  <controlfield tag="003">EG-ScBUE</controlfield>
  <controlfield tag="005">20260405113720.0</controlfield>
  <controlfield tag="008">211213s2022    nyua   f b    001 0 eng d</controlfield>
  <datafield tag="020" ind1=" " ind2=" ">
    <subfield code="a">9781032214689</subfield>
  </datafield>
  <datafield tag="035" ind1=" " ind2=" ">
    <subfield code="a">(OCoLC)1285916822</subfield>
    <subfield code="z">(OCoLC)1285772865</subfield>
    <subfield code="z">(OCoLC)1285871143</subfield>
    <subfield code="z">(OCoLC)1285887565</subfield>
  </datafield>
  <datafield tag="040" ind1=" " ind2=" ">
    <subfield code="a">DLC</subfield>
    <subfield code="b">eng</subfield>
    <subfield code="e">rda</subfield>
    <subfield code="c">DLC</subfield>
    <subfield code="d">OCLCF</subfield>
    <subfield code="d">OCLCO</subfield>
    <subfield code="d">BDX</subfield>
    <subfield code="d">UKMGB</subfield>
    <subfield code="d">YDX</subfield>
    <subfield code="d">GSU</subfield>
    <subfield code="d">EG-ScBUE</subfield>
  </datafield>
  <datafield tag="082" ind1="0" ind2="4">
    <subfield code="a">709.04</subfield>
    <subfield code="2">22</subfield>
    <subfield code="b">BAU</subfield>
  </datafield>
  <datafield tag="245" ind1="0" ind2="0">
    <subfield code="a">Bauhaus effects in art, architecture and design /</subfield>
    <subfield code="c">edited by Kathleen James-Chakraborty and Sabine T. Kriebel.</subfield>
  </datafield>
  <datafield tag="264" ind1=" " ind2="1">
    <subfield code="a">New York :</subfield>
    <subfield code="b">Routledge, Taylor &amp; Francis Group,</subfield>
    <subfield code="c">2022.</subfield>
  </datafield>
  <datafield tag="300" ind1=" " ind2=" ">
    <subfield code="a">xiii, 198 pages :</subfield>
    <subfield code="b">illustrations (some color) ;</subfield>
    <subfield code="c">26 cm.</subfield>
  </datafield>
  <datafield tag="336" ind1=" " ind2=" ">
    <subfield code="a">text</subfield>
    <subfield code="b">txt</subfield>
    <subfield code="2">rdacontent</subfield>
  </datafield>
  <datafield tag="337" ind1=" " ind2=" ">
    <subfield code="a">unmediated</subfield>
    <subfield code="b">n</subfield>
    <subfield code="2">rdamedia</subfield>
  </datafield>
  <datafield tag="338" ind1=" " ind2=" ">
    <subfield code="a">volume</subfield>
    <subfield code="b">nc</subfield>
    <subfield code="2">rdacarrier</subfield>
  </datafield>
  <datafield tag="490" ind1="0" ind2=" ">
    <subfield code="a">Routledge research in art history</subfield>
  </datafield>
  <datafield tag="504" ind1=" " ind2=" ">
    <subfield code="a">Includes bibliographical references and index.</subfield>
  </datafield>
  <datafield tag="505" ind1="0" ind2="0">
    <subfield code="t">Bauhaus Housing /</subfield>
    <subfield code="r">Kathleen James-Chakraborty --</subfield>
    <subfield code="t">New Typography, the Bauhaus, and its impact on graphic design /</subfield>
    <subfield code="r">Patrick R&#xF6;ssler --</subfield>
    <subfield code="t">Bauhaus Effects: Florence Henri and Modernist Photography in Paris /</subfield>
    <subfield code="r">Sabine T. Kriebel --</subfield>
    <subfield code="t">The Bauhaus and the Fundamentals of Window Display /</subfield>
    <subfield code="r">Kerry Meakin --</subfield>
    <subfield code="t">A Discreet Succession: the Bauhaus and Industrial Design Education in the German Democratic Republic /</subfield>
    <subfield code="r">Katharina Pf&#xFC;tzner --</subfield>
    <subfield code="t">The Bauhaus and the Republic of Ireland /</subfield>
    <subfield code="r">Kathleen James-Chakraborty --</subfield>
    <subfield code="t">Space Time and the Bauhaus /</subfield>
    <subfield code="r">Dietrich Neumann --</subfield>
    <subfield code="t">Bauhaus Specters and Blueprint Illuminations: Josef Albers and Robert Rauschenberg /</subfield>
    <subfield code="r">Vanessa S. Troiano --</subfield>
    <subfield code="t">The Bauhaus in Britain, the Swinging Sixties and Vidal Sassoon /</subfield>
    <subfield code="r">Mariana Meneses Romero --</subfield>
    <subfield code="t">Paul Klee's Pedagogy and Computational Processing /</subfield>
    <subfield code="r">Ingrid Mayrhofer-Hufnagl.</subfield>
  </datafield>
  <datafield tag="520" ind1=" " ind2=" ">
    <subfield code="a">"Bringing together an international team of scholars, this book offers new perspectives on the impact that the Bauhaus and its teaching had on a wide range of artistic practices. Three of the fields in which the Bauhaus generated immediately transformative effects were housing, typography, and photography. Contributors go further to chart the surprising relation of the school to contemporary developments in hair-styling and shop window display in unprecedented detail. New scholarship has detailed the degree to which Bauhaus faculty and students set off around the world, but it has seldom paid attention to its impact in communist East Germany or in countries like Ireland where no Bauh&#xE4;usler settled. This wide-ranging collection makes clear that, a century after its founding, many new stories remain to be told about the influence of the twentieth century's most innovative arts institution. The book will be of interest to scholars working in art history, design history, photography and architectural history"--</subfield>
    <subfield code="c">Provided by publisher.</subfield>
  </datafield>
  <datafield tag="610" ind1="2" ind2="7">
    <subfield code="a">Bauhaus</subfield>
    <subfield code="x">Influence.</subfield>
    <subfield code="2">BUEsh</subfield>
  </datafield>
  <datafield tag="653" ind1=" " ind2=" ">
    <subfield code="c">April2026</subfield>
    <subfield code="b">ART</subfield>
  </datafield>
  <datafield tag="655" ind1=" " ind2=" ">
    <subfield code="v">Reading book</subfield>
  </datafield>
  <datafield tag="700" ind1="1" ind2=" ">
    <subfield code="a">James-Chakraborty, Kathleen,</subfield>
    <subfield code="d">1960-</subfield>
    <subfield code="e">editor.</subfield>
  </datafield>
  <datafield tag="700" ind1="1" ind2=" ">
    <subfield code="a">Kriebel, Sabine,</subfield>
    <subfield code="e">editor.</subfield>
  </datafield>
  <datafield tag="942" ind1=" " ind2=" ">
    <subfield code="2">ddc</subfield>
    <subfield code="c">BB</subfield>
  </datafield>
  <datafield tag="999" ind1=" " ind2=" ">
    <subfield code="c">31158</subfield>
    <subfield code="d">31129</subfield>
  </datafield>
  <datafield tag="952" ind1=" " ind2=" ">
    <subfield code="0">0</subfield>
    <subfield code="1">0</subfield>
    <subfield code="2">ddc</subfield>
    <subfield code="4">0</subfield>
    <subfield code="7">0</subfield>
    <subfield code="8">Baccah</subfield>
    <subfield code="a">MAIN</subfield>
    <subfield code="b">MAIN</subfield>
    <subfield code="c">2ND</subfield>
    <subfield code="d">2026-04-05</subfield>
    <subfield code="e">Purchase</subfield>
    <subfield code="g">3046.00</subfield>
    <subfield code="h">40179</subfield>
    <subfield code="l">0</subfield>
    <subfield code="o">709.04 BAU</subfield>
    <subfield code="p">000057567</subfield>
    <subfield code="r">2026-04-05 00:00:00</subfield>
    <subfield code="v">3807.50</subfield>
    <subfield code="w">2026-04-05</subfield>
    <subfield code="y">BB</subfield>
  </datafield>
</record>
